| 000 | 01541nam a22004337a 4500 | ||
|---|---|---|---|
| 001 | 000100962 | ||
| 003 | CHAP | ||
| 005 | 20240430142359.0 | ||
| 008 | 100128s2009 mx a r 00010 spa d | ||
| 010 | _a97425 | ||
| 011 | _a98397 | ||
| 020 | _a9789707531734 | ||
| 035 | _a109082 | ||
| 040 | _cCHAP | ||
| 082 | 0 | 4 |
_a305.8092 _bF95 |
| 100 | 1 |
_aFuente Chicoséin, Julio de la. _943801 |
|
| 245 | 1 | 0 |
_aMonopolio de aguardiente y alcoholismo en los Altos de Chiapas : _bun estudio incómodo de Julio de la Fuente (1954-1955) / _c/por Julio de la Fuente Chicoséin. |
| 260 |
_aMéxico, D.F. : _bComisión Nacional para el Desarrollo de los Pueblos Indígenas, _c2009. |
||
| 300 |
_a383 p. : _bilus., cuadros + CD (4 3/4 plg.). |
||
| 490 | 0 |
_aPioneros del indigenismo en México _v; 1 |
|
| 590 |
_aBATCH-UPD _b10 _c20130110 |
||
| 590 |
_aBATCH-UPD _b10 _c20130410 |
||
| 590 |
_aBATCH-UPD _b10 _c20130914 |
||
| 590 |
_aBATCH-UPD _b10 _c20170504 |
||
| 590 |
_aCONVERSION _b10 _c20130109 |
||
| 590 |
_aE11695DGD _b10 _c20170504 |
||
| 600 | 1 | 4 |
_aFuente, Julio de la _y1905-1970 _xBiografía. _943821 |
| 650 | 1 | 4 |
_aAguardiente. _92576 |
| 650 | 1 | 4 |
_aAlcoholismo. _93658 |
| 650 | 1 | 4 |
_aChiapas _xCultura. _922229 |
| 650 | 1 | 4 |
_aIndios de Chiapas _xVida social y costumbres. _957600 |
| 650 | 1 | 4 | _aTzeltales. |
| 650 | 1 | 4 |
_aTzotziles. _9115758 |
| 830 | 0 |
_aPioneros del indigenismo en México _v; 1 _988474 |
|
| 901 | _aBK | ||
| 942 |
_cLIBRO _2ddc |
||
| 942 |
_n0 _2ddc |
||
| 949 |
_a305.8092 F95 _bBC _cLIBRO _d33724002139108 _eLIBRO _h111731 _i109082 _sb |
||
| 999 |
_c97425 _d97425 |
||